| 000 | 004750000a22001570004500 | ||
|---|---|---|---|
| 090 |
_aAR _b00501 |
||
| 245 | 1 | 0 | _aBases of angiosperm phylogeny: vegetative anatomy |
| 650 | 1 | 4 |
_aFilogenética _94310 |
| 650 | 1 | 4 |
_aTaxonomía vegetal _992262 |
| 650 | 1 | 4 |
_aSistemática vegetal _95234 |
| 650 | 1 | 4 |
_aAngiospermas _993544 |
| 041 | 0 | _aInglés | |
| 100 | 1 |
_aDickison, William C. _993545 |
|
| 942 | _cARTICULO | ||
| 773 | 1 |
_tAnnals of the Missouri Botanical Garden _3157 _h62 _q590-620 _d1975 |
|
| 999 |
_c9597 _d9597 |
||